ბათუმის შოთა რუსთაველის სახელმწიფო უნივერსიტეტის ბიბლიოთეკა

გეგმილური ხაზვა : (ბიბ.ჩანაწერი № 39681)

000 -ლიდერი
ფიქსირებული სიგრძის საკონტროლო ველი 00765nam a2200205Ia 4500
001 - საკონტროლო ნომერი
საკონტროლო ველი 6284
003 - საკონტროლო ნომრის იდენტიფიკატორი
საკონტროლო ველი GE_BSU
005 - ბოლო ოპერაციის თარიღი და დრო
საკონტროლო ველი 20190610182420.0
008 - ფიქსირებული სიგრძის მონაცემთა ელემენტები - ზოგადი ინფორმაცია
ფიქსირებული სიგრძის საკონტროლო ველი 181216s1966||||ge |||||||||||||| ||geo||
040 ## - კატალოგიზაციის წყარო
Transcribing agency GE_BSU
080 ## - უნივერსალური ათობითი კლასიფიკაციის ინდექსი
Universal Decimal Classification number 744(075.8) კ-18
100 ## - მთავარი ჩანაწერი - პიროვნების სახელი
Personal name კალანდაძე, ქ.
9 (RLIN) 1622
245 ## - ცნობა სათაურის შესახებ
Title გეგმილური ხაზვა :
Remainder of title სახელმძღვ. /
Statement of responsibility, etc კალანდაძე, ქ. ; რედ. ს.ბურჭულაძე.
264 ## - წარმოების, გამოცემის, დისტრიბუციის და სხვა ცნობები
გამოცემის, წარმოების, დისტრიბუციის... ადგილი თბიკისი :
გამოცემის, წარმოების, დისტრიბუციის... სახელწოდება განათლება,
გამოცემის, წარმოების, დისტრიბუციის... თარიღი 1966.
300 ## - ფიზიკური აღწერა
Extent 126 გვ. :
Other physical details ილ. ;
Dimensions 20 სმ.
653 ## - INDEX TERM--UNCONTROLLED
Uncontrolled term გეგმილური ხაზვა
653 ## - INDEX TERM--UNCONTROLLED
Uncontrolled term ხაზვა
700 ## - ADDED ENTRY--PERSONAL NAME
Personal name ბურჭულაძე, ს.
9 (RLIN) 2257
942 ## - ADDED ENTRY ELEMENTS (KOHA)
Koha item type წიგნი
Source of classification or shelving scheme
ეგზემპლარები
ჩამოწერის სტატუსი დაკარგული ეგზემპლარის სტატუსი კლასიფიკაციის წყარო ან თაროზე გაწყობის სქემა დაზიანების სტატუსი არ გაიცემა მუდმივი მდებარეობა (დაცვის ადგილი) ამჟამინდელი ადგილსამყოფელი თაროზე განთავსების ადგილი შეძენის თარიღი ღირებულება, შესყიდვის ნორმალური ფასი სრული შენახვის შიფრი შტრიხკოდი ბოლო ოპერაციის თარიღი ეგზემპლარის მიმდევრობითი ნომერი (კეტერი?) ფასის ძალაში შესვლის თარიღი ეგზემპლარის სახეობა საჯარო შენიშვნა
          ტექნოლოგიური ფაკულტეტის ბიბლიოთეკა ტექნოლოგიური ფაკულტეტის ბიბლიოთეკა წიგნსაცავი 2018-12-17 0.80 744(075.8) კ-18 12210 2018-12-17 12210 2018-12-17 წიგნი 0.80 ლ.
          ტექნოლოგიური ფაკულტეტის ბიბლიოთეკა ტექნოლოგიური ფაკულტეტის ბიბლიოთეკა წიგნსაცავი 2018-12-17 0.80 744(075.8) კ-18 12211 2018-12-17 12211 2018-12-17 წიგნი 0.80 ლ.
          ტექნოლოგიური ფაკულტეტის ბიბლიოთეკა ტექნოლოგიური ფაკულტეტის ბიბლიოთეკა წიგნსაცავი 2018-12-17 0.80 744(075.8) კ-18 12212 2018-12-17 12212 2018-12-17 წიგნი 0.80 ლ.
          ტექნოლოგიური ფაკულტეტის ბიბლიოთეკა ტექნოლოგიური ფაკულტეტის ბიბლიოთეკა წიგნსაცავი 2018-12-17 0.80 744(075.8) კ-18 12213 2018-12-17 12213 2018-12-17 წიგნი 0.80 ლ.
          ტექნოლოგიური ფაკულტეტის ბიბლიოთეკა ტექნოლოგიური ფაკულტეტის ბიბლიოთეკა წიგნსაცავი 2018-12-17 0.80 744(075.8) კ-18 12214 2018-12-17 12214 2018-12-17 წიგნი 0.80 ლ.